Guia de residències casa de pagès : propostes d'activitats d'oci i artesania = Guía de casas rurales : propuestas de actividades de ocio y artesanía = Guide to country holiday properties : recommendations for leisure activities, handicrafts and regional products = Guide des résidences maison paysanne : Propositions de loisirs et artisanat : 2000 / Barcelona. Diputació. Agència de Promoció Turística propostes d'activitats d'oci i artesania = Guía de casas rurales :
Descripción Física:
102 p. : il. ; 21 cm
Materias:
Turisme rural -- Catalunya -- Guies
MARC
| LEADER | 00000nam a2200000Ia 4500 | ||
|---|---|---|---|
| 001 | 12428 | ||
| 008 | 160829s2000 xx 000 0 cat d | ||
| 080 | |a C-1-582 | ||
| 245 | |a Guia de residències casa de pagès : |b propostes d'activitats d'oci i artesania = Guía de casas rurales : |b propuestas de actividades de ocio y artesanía = Guide to country holiday properties : |b recommendations for leisure activities, handicrafts and regional products = Guide des résidences maison paysanne : |b Propositions de loisirs et artisanat : |b 2000 / Barcelona. Diputació. Agència de Promoció Turística | ||
| 250 | |a 2a ed. | ||
| 260 | |a Barcelona : |b Diputació de Barcelona, |c 2000 | ||
| 300 | |a 102 p. : |b il. ; |c 21 cm | ||
| 590 | |a A peu de portada: Barcelona: Agroturisme total, Turisme total | ||
| 650 | |a Turisme rural |x Catalunya |x Guies |9 38059 | ||
| 710 | 1 | |a Barcelona (Catalunya : Província). |b Agència de Promoció Turística |9 51387 | |
| 901 | |a Arxiu | ||
| 942 | |n 1 | ||
| 952 | |0 0 |1 0 |4 0 |6 C1582 |7 1 |9 48228 |a Arxiu |b Arxiu |d 2016-12-01 |l 0 |o C-1-582 |p 12428 |r 2016-12-01 00:00:00 |w 2016-12-01 |y ARXIU | ||
| 999 | |c 52034 |d 52034 | ||